| 000 | 01221nam a2200301Ia 4500 | ||
|---|---|---|---|
| 001 | ebr10364645 | ||
| 003 | CaPaEBR | ||
| 006 | m u | ||
| 007 | cr cn||||||||| | ||
| 008 | 090730s2009 oruc s 000 0 eng d | ||
| 010 | _z 2009029903 | ||
| 020 | _z9780974524573 (pbk.) | ||
| 040 |
_aCaPaEBR _cCaPaEBR |
||
| 035 | _a(OCoLC)647874482 | ||
| 050 | 1 | 4 |
_aBL560 _b.T47 2009eb |
| 100 | 0 |
_aTeresa, _cMother, _d1910-1997. |
|
| 245 | 1 | 0 |
_aEverything starts from prayer _h[electronic resource] : _bMother Teresa's meditations on spiritual life for people of all faiths / _cselected and arranged by Anthony Stern; foreword by Larry Dossey. |
| 250 | _a2nd ed. | ||
| 260 |
_aAshland, OR : _bWhite Cloud Press, _c2009. |
||
| 300 |
_axxiv, 172 p. : _bport. |
||
| 533 |
_aElectronic reproduction. _bPalo Alto, Calif. : _cebrary, _d2010. _nAvailable via World Wide Web. _nAccess may be limited to ebrary affiliated libraries. |
||
| 650 | 0 |
_aPrayer _vMeditations. |
|
| 650 | 0 | _aPrayers. | |
| 655 | 7 |
_aElectronic books. _2local |
|
| 700 | 1 | _aStern, Anthony. | |
| 710 | 2 | _aebrary, Inc. | |
| 856 | 4 | 0 |
_uhttp://site.ebrary.com/lib/rucke/Doc?id=10364645 _zAn electronic book accessible through the World Wide Web; click to view |
| 999 |
_c111331 _d111331 |
||